| 000 | 00613cam a22002053a 4500 | ||
|---|---|---|---|
| 999 |
_c3389 _d3389 |
||
| 005 | 20180515054710.0 | ||
| 008 | 980301s1998||||xxu|||||s|||||000 | eng d | ||
| 040 |
_cAPEC Schools Library _erda |
||
| 041 | _aeng | ||
| 100 | 1 |
_aSynge, J. M. _q (John Millington), _d1871-1909 |
|
| 245 | 1 | 4 |
_aThe Playboy of the Western World : _bA Comedy in Three Acts / _cJ. M. Synge |
| 336 |
_2rdacontent _atext |
||
| 337 |
_2rdamedia _acomputer |
||
| 338 |
_2rdacarrier _aonline resource |
||
| 506 | _aPublic domain in the USA. | ||
| 516 | _aText | ||
| 653 | _aIreland -- Drama | ||
| 655 | _aelectronic books | ||
| 856 | 4 | 0 | _uhttps://goo.gl/WahLXt |
| 942 |
_2ddc _cEBK |
||